Statistiche per Elenca la formazione - Quiz n°9

Clicka qui per fare il quiz!

Statistiche generali

  • Questo quiz è stato fatto 58 volte
  • Il punteggio medio è 10 su 11

Statistiche sulle risposte

RuoloNazioneCalciatore% Corretto
AttaccanteFranciaOlivier Giroud
100%
AlaPortogalloRafael Leão
100%
DifensoreItaliaDavide Calabria
98%
DifensoreInghilterraFikayo Tomori
98%
PortiereFranciaMike Maignan
98%
DifensoreDanimarcaSimon Kjær
96%
DifensoreFranciaTheo Hernandez
96%
CentrocampistaItaliaSandro Tonali
94%
CentrocampistaBosnia ed ErzegovinaRade Krunić
92%
TrequartistaAlgeriaIsmaël Bennacer
86%
AlaSpagnaBrahim Diaz
82%

Distribuzione punteggi

Percentile per numero di risposta

Percentuale di utenti per punteggio

I tuoi punteggi nel tempo

Non hai fatto questo quiz